| 000 | 00848cam a2200277 i 4500 | ||
|---|---|---|---|
| 001 | 3638183 | ||
| 003 | OSt | ||
| 005 | 20150612170810.0 | ||
| 008 | 750311s1974 enk b 001 0 eng | ||
| 010 | _a 75305270 | ||
| 015 | _aGB*** | ||
| 020 |
_a0406594805 : _c£8.00. _a0406594813 |
||
| 040 |
_aDLC _cDLC _dDLC |
||
| 043 | _ae-uk--- | ||
| 050 | 0 | 0 |
_aKD1948 _b.H46 |
| 082 | 0 | 0 | _a346.03 HEP |
| 100 | 1 |
_aHepple, B. A. _91165 |
|
| 245 | 1 | 0 |
_aTort : cases and materials / _cB. A. Hepple and M. H. Matthews. |
| 260 |
_aLondon : _bButterworths, _c1974. |
||
| 300 |
_axxxiii, 747 p. ; _c26 cm. |
||
| 504 | _aIncludes bibliographical references and index. | ||
| 650 | 0 |
_aTorts _zGreat Britain _xCases. _91166 |
|
| 700 | 1 |
_aMatthews, M. H. _q(Martin Hubie), _ejoint author. _91167 |
|
| 906 |
_a7 _bcbc _corignew _d3 _encip _f19 _gy-gencatlg |
||
| 942 |
_2ddc _cBK |
||
| 999 |
_c400 _d400 |
||